Champions League Team Of The Season 2024/2025 - Statistics

General Stats
  • This quiz has been taken 63 times
  • The average score is 10 of 11
Answer Stats
Position Club Player % Correct
Goalkeeper Paris Saint-Germain Gianluigi Donnarumma
100%
Midfielder Arsenal Declan Rice
98%
Forward Barcelona Lamine Yamal
98%
Forward Paris Saint-Germain Ousmane Dembélé
96%
Forward Barcelona Raphinha
96%
Defender Paris Saint-Germain Achraf Hakimi
95%
Midfielder Paris Saint-Germain Vitinha
95%
Defender Paris Saint-Germain Marquinhos
93%
Defender Paris Saint-Germain Nuno Mendes
91%
Forward Paris Saint-Germain Désiré Doué
89%
Defender Inter Alessandro Bastoni
88%
No matching quizzes found
Score Distribution
Percent of People with Each Score
Percentile by Number Answered
Your Score History
You have not taken this quiz